00741cam a2200217 a 450000500170000000800410001702000150005804000290007304100080010204400080011008200180011810000280013624501200016426000310028430000650031550000220038065000380040265000280044065000270046865000280049520160419081132.0970610s1997 nyua 001 0 eng  a0471180041 aDLCcDLCdDLCdCO-BoIAVH0 aeng axxu00a005.758bT16i1 aTanler, Richard,d1950-14aThe Intranet data warehouse :btools and techniques for building Intranet-enabled data warehouse /cRichard Tanler. aNew York :bWiley,cc1997. axiv, 338 páginas :bilustraciones ;c24 x 19 centímetros aIncluye índice.16aIntranets (Redes de computadores)26aSistema de nformación26aProcesamiento de datos26aRecopilación de datos